Statistics for Rivers A-Z

Click here to take the quiz!

General Stats

  • This quiz has been taken 29,303 times
    (23,364 since last reset)
  • The average score is 16 of 25

Answer Stats

ClueRiver% Correct
AWorld's biggest by volumeAmazon
98%
NWorld's longestNile
97%
TLondon's riverThames
93%
DFlows through four European capitalsDanube
91%
MLongest in North America,
excluding tributaries
Mississippi
91%
RLongest in GermanyRhine
89%
CFlows through the Grand CanyonColorado
87%
GSacred river of HinduismGanges
87%
SParis's riverSeine
87%
EParallel to the TigrisEuphrates
84%
HSeparates NYC from New JerseyHudson
84%
VLongest in EuropeVolga
80%
YFrequent floods led to this river
being called "China's Sorrow"
Yellow
75%
ORiver that flows past CincinnatiOhio
70%
IPakistan river home to an
ancient civilization
Indus
69%
LLongest in FranceLoire
62%
ZVictoria Falls lies along its pathZambezi
61%
KRiver in Thailand; British POWs
built a bridge near it
Khwae Noi
57%
UFlows through Russia and
Kazakhstan into the Caspian
Ural
51%
WIt's not a question, it's the
5th longest river in England
Wye
34%
PIts delta is near Hong KongPearl
28%
FFlows into the sea at VancouverFraser
15%
JMajor river of SomaliaJubba
15%
BLongest entirely in TexasBrazos
14%
XLargest river in Hunan, ChinaXiang
11%

Score Distribution

Percentile by Number Answered

Percent of People with Each Score

Your Score History

You have not taken this quiz since the last reset